000 01205nam a2200325 i 4500
003 peliumch
005 20260202160740.0
007 ta
008 260202t2012 pe ||||gr|||| 00| 0 spa d
020 _a9786124059803
040 _aUMCH
_bspa
_cUMCH
_djmr
_erda
041 0 _aspa
043 _as-pe---
082 0 4 _a340.02/D/T.I
245 _aDerecho y literatura :
_btrabajos en homenaje al doctor Iván Rodríguez Chávez. Tomo I /
_cMagdiel Gonzáles Ojeda, Oswaldo Orna Sánchez, Gastón Remy Llerena ... [et al.].
250 _aPrimera edición.
264 1 _aLima :
_bUniversidad Ricardo Palma, Editorial Universitaria,
_c2012
300 _a2 tomos ;
_c21 cm.
505 _gParte 1 :
_tDerecho Constitucional--
_gParte 2 :
_tDerecho Penal--
_gParte 3 :
_tDerecho Civil.
521 _aRecomendado para un público general.
600 0 _aRodríguez Chávez, Iván
650 1 4 _aDerecho en la literatura
700 1 _aGonzales Ojeda, Magdiel
_eeditora
710 2 _aUniversidad Ricardo Palma (Lima)
_bEditorial Universitaria
942 _2ddc
_cLIB
_n0
999 _c53598
_d53598